• 首页
  • 本馆介绍
  • 公告通知
  • 最新文献
  • 馆藏检索
  • 电子资源
  • 读者导购
  • 参考咨询
  • 我的图书馆
  • 登录
  • 详细信息显示
  • 放入我的书架
  • 预约/预借图书
  • 作者相关作品
  • 分类相关作品
  • 丛书相关作品
  • 出版社相关作品

书目信息

  • 表格格式
  • 工作单格式
  • 卡片格式
题名:
《中共中央关于建立社会主义市场经济体制若干问题的决定》学习问答
    
 
作者: 史东生 编写 ;本书编写组 编
分册:  
出版信息: 北京   中共党史出版社  1993.11
页数: 246页
开本: 19cm
丛书名:
单 册:
中图分类: D229 , F123.13
科图分类: 33.12425
主题词: 社会主义经济∶市场经济--政策--中国--学习参考资料 , 市场经济∶社会主义经济--政策--中国--学习参考资料
电子资源:
ISBN: 7-80023-590-4
000 01166nam0 2200277 45
001 0194013619
005 20070724090917.51
010    @a7-80023-590-4@dCNY4.50
100    @a19940302d1993 em y0chiy0121 ea
101 0  @achi
102    @aCN@b110000
105    @ay z 000yy
200 12 @a《中共中央关于建立社会主义市场经济体制若干问题的决定》学习问答@A《 ZHONG GONG ZHONG YANG GUAN YU JIAN LI SHE HUI ZHU YI SHI CHANG JING JI TI ZHI RUO GAN WEN TI DE JUE DING 》 XUE XI WEN DA@f史东生等编写@FSHI DONG SHENG DENG BIAN XIE@g《<中共中央关于建立社会主义市场经济体制若干问题的决定>学习问答》编写组编
210    @a北京@c中共党史出版社@d1993.11
215    @a246页@d19cm
540 1  @a市场 经济 体制 决定@ASHI CHANG JING JI TI ZHI JUE DING
601 12 @a中国共产党十四届三中全会(1993)@x文件@x学习参考资料
606    @a社会主义经济∶市场经济@x政策@y中国@x学习参考资料
606    @a市场经济∶社会主义经济@x政策@y中国@x学习参考资料
690    @aD229@v三版
690    @aF123.13@v三版
692    @a33.12425
701  0 @a史东生@ASHI DONG SHENG@4编写
712 A2 @a本书编写组@ABEN SHU BIAN XIE ZU@4编
801  0 @aCN@bTSSF@c20070724
905    @a10447@dD229@e165
    
    《中共中央关于建立社会主义市场经济体制若干问题的决定》学习问答/史东生等编写/《<中共中央关于建立社会主义市场经济体制若干问题的决定>学习问答》编写组编.-北京:中共党史出版社,1993.11
    246页;19cm
    
    
    ISBN 7-80023-590-4:CNY4.50
    
●
相关链接 在E读中查询图书 在五车中查询图书 在当当中查询图书 在豆瓣中查询图书


正题名:《中共中央关于建立社会主义市场经济体制若干问题的决定》学习问答     索取号:D229/165         预约/预借

序号 登录号 条形码 馆藏地/架位号 状态 备注
1 0770539   207705394   第一样本阅览室/ [索取号:D229/165] 在馆    
唐山师范学院图书馆 欢迎您!
大连网信软件有限公司© 版权所有